| 000 | 00980cab a2200253 4500 | ||
|---|---|---|---|
| 001 | WB2930-42 | ||
| 008 | 090401t1993 xxu||||| |||| 00| 0 eng d | ||
| 035 | _a(Sirsi) u90068 | ||
| 041 | _aeng | ||
| 245 | _aProperty: joint tenancy | ||
| 260 | _c1993 | ||
| 350 | _a0 | ||
| 490 |
_aEstates Gazette Case Summaries _v1993 EGCS 148(1) 7/8/93 |
||
| 520 | _a"Wallis v Wallis" HL 22 July 1993 centred on the valuation of matrimonial property for a divorce case and whether it was competent to take into account the change in value of the property between the relevant date (date of separation) and the date of divorce. HL found that the division should be of the net value of the house at the relevant date. | ||
| 650 | _aDIVORCE | ||
| 650 | _aFAMILY LAW (SCOTLAND) ACT 1985 S9(1)(A) | ||
| 650 | _aMATRIMONIAL PROPERTY | ||
| 650 | _aRELEVANT DATES | ||
| 650 | _aSCOTLAND | ||
| 650 |
_aValuation _96273 |
||
| 690 | _aHOUSING-CASE LAW | ||
| 942 | _n0 | ||
| 948 | _c04/03/1997 | ||
| 999 |
_c57045 _d57045 |
||